000
00452nam a2200169Ia 4500
008
090711s9999 xx 000 0 und d
082
_b
46817
100
_a
बोराडे रा. रं.
245
_a
खोळंबा
260
_c
1983
300
_a
109
600
_a
बोराडे रा. रं.
630
_a
खोळंबा
700
_a
बोराडे रा. रं.
730
_a
खोळंबा
942
_c
BOOK
999
_c
309298
_d
309298